[Event "World School-ch U15 Girls"]
[Site "Antalya"]
[Date "2019.04.26"]
[Round "9"]
[White "Trzaskowska, Hanna"]
[Black "Tikvesli, Ceylin"]
[Result "1-0"]
[WhiteElo "1505"]
[BlackElo "1659"]
[PlyCount "77"]
[EventDate "2019.04.18"]
[EventType "swiss"]
[EventRounds "9"]
[EventCountry "TUR"]
[SourceTitle "CBM 190 Extra"]
[Source "ChessBase"]
[SourceDate "2019.07.15"]
[SourceVersion "1"]
[SourceVersionDate "2019.07.15"]
[SourceQuality "1"]

1. e4 c5 2. Nf3 d6 3. d4 cxd4 4. Nxd4 Nf6 5. f3 e5 6. Bb5+ Bd7 7. Bxd7+ Nbxd7 8. Nf5 Nc5 9. c4 Ne6 10. Nc3 g6 11. Ne3 a6 12. Ned5 Nxd5 13. Nxd5 b5 14. Be3 Rb8 15. 0-0 Be7 16. cxb5 axb5 17. Rc1 0-0 18. Rc6 Bg5 19. Bxg5 Nxg5 20. Nc7 Rb7 21. Qc2 Qb8 22. Kh1 Rb6 23. Rxb6 Qxb6 24. Nd5 Qd8 25. Qc6 f5 26. Qxb5 fxe4 27. fxe4 Nxe4 28. Qe2 Rxf1+ 29. Qxf1 Qh4 30. Kg1 Kg7 31. Qe2 Ng5 32. Qf2 Qxf2+ 33. Kxf2 Ne4+ 34. Ke3 Nc5 35. b4 Nb7 36. a4 Kf7 37. a5 Nd8 38. a6 Nc6 39. b5 1-0

[Event "World School-ch U15 Girls"]
[Site "Antalya"]
[Date "2019.04.24"]
[Round "7"]
[White "Trzaskowska, Hanna"]
[Black "Margadgua, Erdenebayar"]
[Result "0-1"]
[WhiteElo "1505"]
[BlackElo "1585"]
[PlyCount "68"]
[EventDate "2019.04.18"]
[EventType "swiss"]
[EventRounds "9"]
[EventCountry "TUR"]
[SourceTitle "CBM 190 Extra"]
[Source "ChessBase"]
[SourceDate "2019.07.15"]
[SourceVersion "1"]
[SourceVersionDate "2019.07.15"]
[SourceQuality "1"]

1. e4 c5 2. Nf3 d6 3. d4 cxd4 4. Nxd4 Nf6 5. f3 a6 6. c4 e6 7. Nc3 Qc7 8. Be3 Nbd7 9. Qd2 b6 10. Rc1 Bb7 11. Be2 Rc8 12. 0-0 Be7 13. Rfd1 0-0 14. Kh1 Qb8 15. Qe1 Rfd8 16. Qf2 Bf8 17. Nc2 Bc6 18. Nb4 Qb7 19. Nxc6 Qxc6 20. b4 Qb7 21. a3 Rb8 22. Bf4 Ne5 23. Bxe5 dxe5 24. Na4 Rxd1+ 25. Rxd1 a5 26. Qe1 axb4 27. axb4 Ra8 28. Nb2 Ra2 29. Nd3 Qc7 30. Bf1 Rc2 31. Rc1 Rxc4 32. Rxc4 Qxc4 33. Nxe5 Qxb4 34. Qxb4 Bxb4 0-1

[Event "EU Union-ch U14 16th"]
[Site "Mureck"]
[Date "2018.08.09"]
[Round "9"]
[White "Trzaskowska, Hanna"]
[Black "Rosol, Alexander"]
[Result "0-1"]
[WhiteElo "1503"]
[BlackElo "1950"]
[PlyCount "62"]
[EventDate "2018.08.01"]
[EventType "swiss"]
[EventRounds "9"]
[EventCountry "AUT"]
[SourceTitle "CBM 186 Extra"]
[Source "ChessBase"]
[SourceDate "2018.08.24"]
[SourceVersion "1"]
[SourceVersionDate "2018.08.24"]
[SourceQuality "1"]

1. e4 g6 2. d4 Bg7 3. Nc3 d6 4. Nge2 a6 5. g3 Nd7 6. Bg2 Ngf6 7. 0-0 0-0 8. Be3 e5 9. dxe5 dxe5 10. Qd2 Ng4 11. Rad1 Nxe3 12. Qxe3 c6 13. Na4 Qc7 14. h3 b5 15. Nc5 Nxc5 16. Qxc5 Be6 17. Rd6 Rfc8 18. Rfd1 Bf8 19. f4 Bxd6 20. Qxd6 Qb6+ 21. Kf1 Rd8 22. fxe5 Rxd6 23. exd6 Bc4 24. b3 Bxe2+ 25. Kxe2 Rd8 26. b4 c5 27. c3 cxb4 28. cxb4 Rxd6 29. Rd5 Rxd5 30. exd5 Qd4 31. a3 Kg7 0-1

[Event "EU Union-ch U14 16th"]
[Site "Mureck"]
[Date "2018.08.08"]
[Round "8"]
[White "Kristoferitsch, Daniel"]
[Black "Trzaskowska, Hanna"]
[Result "1/2-1/2"]
[WhiteElo "1982"]
[BlackElo "1503"]
[PlyCount "68"]
[EventDate "2018.08.01"]
[EventType "swiss"]
[EventRounds "9"]
[EventCountry "AUT"]
[SourceTitle "CBM 186 Extra"]
[Source "ChessBase"]
[SourceDate "2018.08.24"]
[SourceVersion "1"]
[SourceVersionDate "2018.08.24"]
[SourceQuality "1"]

1. d4 Nf6 2. c4 e6 3. Nc3 Bb4 4. Qc2 0-0 5. a3 Bxc3+ 6. Qxc3 d6 7. Nf3 b6 8. e3 Bb7 9. Be2 Ne4 10. Qc2 Ng5 11. 0-0 Nxf3+ 12. gxf3 Nd7 13. e4 f5 14. Kh1 Qh4 15. Bd3 Nf6 16. d5 fxe4 17. fxe4 exd5 18. cxd5 Rae8 19. f3 Nh5 20. Qf2 Qxf2 21. Rxf2 c6 22. dxc6 Bxc6 23. Rf1 d5 24. exd5 Bxd5 25. Kg2 Nf4+ 26. Bxf4 Rxf4 27. Rad1 Bb7 28. Bb5 Ref8 29. Be2 Re8 30. Rf2 Kf8 31. Rd7 Rf7 32. Rxf7+ Kxf7 33. Bc4+ Kf6 34. Kg3 g5 1/2-1/2

[Event "POL-chT U20"]
[Site "Kudowa Zdroj"]
[Date "2018.07.25"]
[Round "5.30"]
[White "Trzaskowska, Hanna"]
[Black "Hertlein, Irena"]
[Result "0-1"]
[WhiteElo "1505"]
[BlackElo "1545"]
[PlyCount "56"]
[EventDate "2018.07.21"]
[EventType "team-tourn"]
[EventRounds "9"]
[EventCountry "POL"]
[SourceTitle "CBM 186 Extra"]
[Source "ChessBase"]
[SourceDate "2018.08.24"]
[SourceVersion "1"]
[SourceVersionDate "2018.08.24"]
[SourceQuality "1"]

1. e4 c5 2. Nf3 Nc6 3. Bb5 g6 4. Bxc6 dxc6 5. d3 Bg7 6. h3 e5 7. Nc3 Qd6 8. Be3 Nf6 9. Nd2 b6 10. Nc4 Qc7 11. 0-0 Be6 12. Qe2 Bxc4 13. dxc4 0-0 14. a4 Rfd8 15. a5 Nd7 16. axb6 axb6 17. Rad1 Nf8 18. Rxd8 Rxd8 19. Nb1 Ne6 20. c3 Qd6 21. Na3 Nf4 22. Qf3 Qd3 23. Kh2 Qxf1 24. Bxf4 exf4 25. Qxf4 Qd3 26. Qc7 Qd6+ 27. Qxd6 Rxd6 28. f4 Rd2 0-1

[Event "Bialystok Zamenhof Memorial-C 35th"]
[Site "Bialystok"]
[Date "2017.12.29"]
[Round "6.20"]
[White "Zelak, Wladyslaw"]
[Black "Trzaskowska, Hanna"]
[Result "1-0"]
[WhiteElo "1735"]
[BlackElo "1475"]
[PlyCount "59"]
[EventDate "2017.12.27"]
[EventType "swiss"]
[EventRounds "9"]
[EventCountry "POL"]
[SourceTitle "EXT 2023"]
[Source "ChessBase"]
[SourceDate "2022.10.05"]
[SourceVersion "1"]
[SourceVersionDate "2022.10.05"]
[SourceQuality "1"]

1. Nf3 d5 2. g3 g6 3. Bg2 Bg7 4. d4 Nf6 5. 0-0 0-0 6. Na3 c5 7. c4 Na6 8. cxd5 Nxd5 9. e4 Nb6 10. d5 f5 11. exf5 Bxf5 12. Nh4 Nc7 13. Nxf5 Rxf5 14. Qb3 Ncxd5 15. Rd1 e6 16. Bh3 Re5 17. Bf4 Re4 18. Qf3 Rd4 19. Bxe6+ Kh8 20. Nb5 Nxf4 21. Nxd4 Bxd4 22. gxf4 Qf6 23. Re1 Bxb2 24. Rab1 c4 25. Re2 c3 26. Bb3 Rb8 27. Rbe1 Rf8 28. Re8 Rxe8 29. Rxe8+ Kg7 30. Rg8+ 1-0

[Event "POL-chT U20 2nd League"]
[Site "Szczyrk"]
[Date "2017.07.27"]
[Round "8.12"]
[White "Trzaskowska, Hanna"]
[Black "Budkiewicz, Magdalena"]
[Result "0-1"]
[WhiteElo "1337"]
[BlackElo "1625"]
[PlyCount "56"]
[EventDate "2017.07.22"]
[EventType "team-swiss"]
[EventRounds "11"]
[EventCountry "POL"]
[SourceTitle "EXT 2019"]
[Source "ChessBase"]
[SourceDate "2018.10.10"]
[SourceVersion "1"]
[SourceVersionDate "2018.10.10"]
[SourceQuality "1"]

1. e4 c5 2. Nf3 d6 3. d4 cxd4 4. Qxd4 Nc6 5. Bb5 Bd7 6. Qd3 a6 7. Bxc6 Bxc6 8. Nc3 e6 9. Bg5 Be7 10. Bxe7 Nxe7 11. 0-0-0 d5 12. Rhe1 0-0 13. e5 b5 14. a3 Rb8 15. Nd4 Bd7 16. b4 a5 17. Ncxb5 axb4 18. axb4 Bxb5 19. Nxb5 Qb6 20. Nd6 Qxb4 21. Qd4 Qa5 22. Re3 Rb4 23. Qc3 Qb6 24. Qd3 Ra8 25. Rh3 Ng6 26. Qe3 Ra1+ 27. Kd2 Rd4+ 28. Ke2 Raxd1 0-1

[Event "POL Olympiad U14 Girls"]
[Site "Drzonkow"]
[Date "2017.04.02"]
[Round "1"]
[White "Malicka, Maria"]
[Black "Trzaskowska, Hanna"]
[Result "1-0"]
[WhiteElo "2152"]
[BlackElo "1398"]
[PlyCount "95"]
[EventDate "2017.04.02"]
[EventType "swiss"]
[EventRounds "9"]
[EventCountry "POL"]
[SourceTitle "EXT 2020"]
[Source "ChessBase"]
[SourceDate "2019.10.17"]
[SourceVersion "1"]
[SourceVersionDate "2019.10.17"]
[SourceQuality "1"]

1. d4 d5 2. Bf4 Nf6 3. e3 Bf5 4. Nf3 Nbd7 5. Bd3 Bxd3 6. Qxd3 e6 7. Nbd2 c5 8. c3 c4 9. Qc2 Nh5 10. 0-0 Nxf4 11. exf4 Be7 12. f5 0-0 13. fxe6 fxe6 14. Rae1 Qb6 15. Re3 Rfe8 16. Rfe1 Bf6 17. b3 cxb3 18. axb3 Re7 19. Qd3 Rae8 20. c4 Qd6 21. Ne5 Bxe5 22. dxe5 Qc6 23. Qd4 Nb6 24. c5 Nd7 25. Rc3 b6 26. cxb6 Qxb6 27. Nf3 Rb8 28. Qxb6 Rxb6 29. Nd4 Nf8 30. f4 g6 31. Kf2 Rd7 32. Rec1 Kf7 33. Ke3 h6 34. g4 h5 35. h3 hxg4 36. hxg4 Ke8 37. Rc8+ Rd8 38. R8c5 Rb7 39. Rc6 Ke7 40. R1c5 Rdd7 41. f5 gxf5 42. gxf5 Kd8 43. Rc8+ Ke7 44. R8c6 Kd8 45. fxe6 Rdc7 46. Rxc7 Rxc7 47. Rxc7 Kxc7 48. e7 1-0

[Event "EU Union-ch U12"]
[Site "Kouty nad Desnou"]
[Date "2016.08.13"]
[Round "8"]
[White "Syrkiewicz, Michal"]
[Black "Trzaskowska, Hanna"]
[Result "1-0"]
[WhiteElo "1325"]
[BlackElo "1292"]
[PlyCount "91"]
[EventDate "2016.08.06"]
[EventType "swiss"]
[EventRounds "9"]
[EventCountry "CZE"]
[SourceTitle "CBM 174 Extra"]
[Source "ChessBase"]
[SourceDate "2016.10.10"]
[SourceVersion "1"]
[SourceVersionDate "2016.10.10"]
[SourceQuality "1"]

1. c4 c5 2. g3 g6 3. Bg2 Nc6 4. e4 Bg7 5. Ne2 e6 6. 0-0 Nge7 7. Nbc3 0-0 8. d3 d6 9. Be3 b6 10. a3 a6 11. d4 Rb8 12. h3 e5 13. dxe5 dxe5 14. Qxd8 Rxd8 15. Rad1 Be6 16. Nd5 Bxd5 17. cxd5 Nd4 18. Nxd4 cxd4 19. Bd2 Rbc8 20. Rc1 Rxc1 21. Rxc1 Rc8 22. Rxc8+ Nxc8 23. f4 f6 24. Bf1 a5 25. Kf2 Nd6 26. Kf3 Kf7 27. fxe5 fxe5 28. Bg5 Bf6 29. Bd2 h5 30. h4 Be7 31. Bd3 Kg7 32. Be1 Kf7 33. g4 Kg7 34. g5 Kf7 35. Bg3 Nc8 36. Bxe5 Bc5 37. Bf6 Ne7 38. Bc4 Kf8 39. Ke2 Nc8 40. Kd3 Nd6 41. Bxd4 Bxd4 42. Kxd4 Ke7 43. Bd3 Kf7 44. e5 Nf5+ 45. Bxf5 gxf5 46. Ke3 1-0